| 000 | 00395 a2200133 4500 | ||
|---|---|---|---|
| 020 | _a4480639 | ||
| 082 | _a332.1 | ||
| 245 |
_aExperiences in Islamic Banking: _bA Case Study of Islami Bank Bangladesh. |
||
| 260 |
_aIslamabad, Pakistan _bCrystal Printers _c2000 |
||
| 300 | _a88 | ||
| 500 | _apaperback | ||
| 710 |
_aInstitute of Policy Studies (IPS) _9122209 |
||
| 942 |
_aNBS _cBK _k332.1 IPS _2ddc |
||
| 999 |
_c346472 _d346472 |
||